Elements of Data Compression (Record no. 6507)
[ view plain ]
| 000 -LEADER | |
|---|---|
| fixed length control field | 00360nam a2200157Ia 4500 |
| 008 - FIXED-LENGTH DATA ELEMENTS--GENERAL INFORMATION | |
| fixed length control field | 221030s9999 xx 000 0 und d |
| 020 ## - INTERNATIONAL STANDARD BOOK NUMBER | |
| ISBN | 8131510575 |
| 041 ## - LANGUAGE CODE | |
| Language code of text/sound track or separate title | |
| 082 ## - DEWEY DECIMAL CLASSIFICATION NUMBER | |
| Classification number | 105.23 |
| 100 ## - MAIN ENTRY--AUTHOR NAME | |
| Personal name | A. Drozdek |
| 245 #0 - TITLE STATEMENT | |
| Title | Elements of Data Compression |
| 260 ## - PUBLICATION, DISTRIBUTION, ETC. (IMPRINT) | |
| Name of publisher | Cengage Learning |
| Place of publication | New Delhi |
| Year of publication | 2009 |
| 300 ## - PHYSICAL DESCRIPTION | |
| Number of Pages | 221 |
| 650 ## - SUBJECT ADDED ENTRY--TOPICAL TERM | |
| Topical Term | IT |
| 942 ## - ADDED ENTRY ELEMENTS (KOHA) | |
| Koha item type | Books |
| Accession Number | Cost, normal purchase price | Full call number | Price effective from | Koha item type | Withdrawn / writtenoff status | Materials specified (bound volume or other part) | Damaged status | Not for loan | Permanent Location | Current Location | Shelving location | Date acquired | Lost/ Missing status | department |
|---|---|---|---|---|---|---|---|---|---|---|---|---|---|---|
| BE 10278 | 195.00 | 105.23 | 10/30/2022 | Books | Not For Loan | MIET Library, Jammu | MIET Library, Jammu | BL-Academic Block B, FL-1, CUP-116, SH-1, R-1 | 12/22/2009 | BE | ||||
| BE 10279 | 195.00 | 105.23 | 10/30/2022 | Books | MIET Library, Jammu | MIET Library, Jammu | BL-Academic Block C, FL-1, CUP-119, SH-2, R-2 | 12/22/2009 | BE |